| 000 | 01149cam a2200301 a 4500 | ||
|---|---|---|---|
| 001 | 3944491 | ||
| 003 | OSt | ||
| 005 | 20220223102126.0 | ||
| 008 | 931203s1994 ksu b 001 0 eng | ||
| 010 | _a 93046830 | ||
| 020 |
_a0700606718 (hardcover : acidfree paper) : _c$29.95 |
||
| 040 |
_aDLC _cDLC _dDLC |
||
| 043 | _an-us--- | ||
| 050 | 0 | 0 |
_aE457 _b.P18 1994 |
| 082 | 0 | 0 |
_a973.7/092 _220 |
| 100 | 1 |
_aPaludan, Phillip Shaw, _d1938-2007. |
|
| 245 | 1 | 4 |
_aThe presidency of Abraham Lincoln / _cPhillip Shaw Paludan. |
| 260 |
_aLawrence, Kan. : _bUniversity Press of Kansas, _cc1994. |
||
| 300 |
_axx, 384 p. ; _c24 cm. |
||
| 440 | 0 | _aAmerican presidency series | |
| 504 | _aIncludes bibliographical references (p. 363-378) and index. | ||
| 600 | 1 | 0 |
_aLincoln, Abraham, _d1809-1865. |
| 651 | 0 |
_aUnited States _xPolitics and government _y1861-1865. |
|
| 740 | 0 | _aAbraham Lincoln. | |
| 906 |
_a7 _bcbc _corignew _d1 _eocip _f19 _gy-gencatlg |
||
| 942 |
_2ddc _cSH_L_BOOKS _hE 457 .P18 1994 |
||
| 999 |
_c31123 _d31123 |
||